[Event "Reykjavik Open 2013"]
[Site "Reykjavik ISL"]
[Date "2013.02.26"]
[Round "9.77"]
[White "Andreasen,Ja"]
[Black "Traustason,I"]
[Result "1-0"]
[WhiteElo "1992"]
[BlackElo "1840"]

1.d4 Nf6 2.Bg5 d5 3.Nd2 Bf5 4.e3 c6 5.Ngf3 Nbd7 6.Be2 h6 7.Bh4 e6 8.c4 Be7
9.a3 O-O 10.O-O Ne4 11.Bxe7 Qxe7 12.Nxe4 dxe4 13.Nd2 Nf6 14.b4 Rfd8 15.Qc2 Bg6
16.c5 e5 17.dxe5 Qxe5 18.Nc4 Qe7 19.Rfd1 Ne8 20.Rxd8 Rxd8 21.Rd1 Rd5 22.Na5 Qd7
23.Rxd5 cxd5 24.c6 bxc6 25.Qxc6 Qe7 26.Qxd5 Nf6 27.Qd4 Qc7 28.Qc4 Qe5 29.Qd4 Qc7
30.Nc4 Bf5 31.Qc5 Qd7 32.Nd6 Be6 33.Bb5 Qd8 34.h3 a5 35.Bc6 axb4 36.axb4 Qc7
37.Bxe4 Qxc5 38.bxc5 Nxe4 39.Nxe4 Kf8 40.Kf1 Bd5 41.Nd2 Ke7 42.e4 Be6 43.Ke2 Kd8
44.Ke3 Kc7 45.Kd4 f6 46.Nc4 Kc6 47.Nd6 g6 48.Ne8 f5 49.Ng7  1-0

[Event "TCh-AUT 2 West 2012-13"]
[Site "Salzburg AUT"]
[Date "2013.03.08"]
[Round "9.2"]
[White "Webersberger,J"]
[Black "Roth,Pe"]
[Result "1/2-1/2"]
[WhiteElo "2392"]
[BlackElo "2226"]

1.d4 Nf6 2.Bg5 c5 3.d5 d6 4.Nc3 a6 5.a4 h6 6.Bxf6 exf6 7.Nf3 f5 8.g3 Be7
9.Nd2 O-O 10.Nc4 Nd7 11.a5 Nf6 12.Bg2 Re8 13.O-O Bf8 14.Qd3 g6 15.Nb6 Rb8
16.Nca4 Bd7 17.Rfe1 Bb5 18.Qd1 Bxa4 19.Rxa4 Nd7 20.Nc4 Ne5 21.Nxe5 Rxe5 22.e3 Bg7
23.Qd2 Qd7 24.b3 Rbe8 25.Bf3 g5 26.Rd1 Bf6 27.h3 Kg7 28.Kg2 Rh8 29.Bh5 Rhe8
30.Bf3  1/2-1/2

[Event "Blackpool Congress 2013"]
[Site "Blackpool ENG"]
[Date "2013.03.09"]
[Round "3.8"]
[White "Garnett,J"]
[Black "Horton,Jamie A"]
[Result "1/2-1/2"]
[WhiteElo "2028"]
[BlackElo "1988"]

1.d4 Nf6 2.Bg5 c5 3.Bxf6 gxf6 4.d5 Qb6 5.Qc1 d6 6.g3 Bh6 7.e3 Nd7 8.Bg2 f5
9.Ne2 Nf6 10.Nd2 Bd7 11.O-O O-O 12.c4 Bg7 13.Qc2 Qc7 14.e4 Qc8 15.Nf4 Re8
16.Rfe1 fxe4 17.Nxe4 Bf5 18.Nxf6+ Bxf6 19.Be4 Bxe4 20.Rxe4 Qf5 21.Rae1 Rab8
22.Qe2 a6 23.b3 b5 24.Nh5 Be5 25.g4 Qg6 26.f4 f5 27.fxe5 fxe4 28.Nf4 Qg5
29.Ne6 Qxe5 30.Rf1 Rf8 31.Nxf8 Rxf8 32.Rxf8+ Kxf8 33.Kg2 bxc4 34.bxc4 Kg7
35.h3 Qd4 36.Kg3 Qe5+ 37.Kg2 Qd4 38.Kg3 Qe5+  1/2-1/2

[Event "UTD Turner GM Invitational 2013"]
[Site "Richardson USA"]
[Date "2013.03.09"]
[Round "2"]
[White "Feinstein,M"]
[Black "Yang,Dar"]
[Result "0-1"]
[WhiteElo "2229"]
[BlackElo "2486"]

1.d4 Nf6 2.Bg5 c5 3.d5 Qb6 4.Nc3 d6 5.e4 Nbd7 6.Rb1 g6 7.Nf3 Bg7 8.Be2 h6
9.Bf4 O-O 10.Nd2 a6 11.O-O Qc7 12.a4 Rb8 13.h3 Ne5 14.Ra1 Bd7 15.a5 Ne8 16.Be3 f5
17.f4 Nf7 18.exf5 gxf5 19.Nc4 Nf6 20.Nb6 Kh8 21.Bd3 e6 22.Nxd7 Qxd7 23.dxe6 Qxe6
24.Re1 Qd7 25.Bc4 Rbd8 26.Nd5 Ne4 27.c3 Rde8 28.Qh5 Nd8 29.g4 Qf7 30.Qxf7 Rxf7
31.Rac1 Nc6 32.b4 Rd8 33.Kg2 Ne7 34.Bf2 Nxd5 35.Bxd5 Nxf2 36.Kxf2 Rc7 37.gxf5 Rdc8
38.f6 Bxf6 39.Re6 Rf8 40.bxc5 Rxc5 41.Bxb7 Bg5 42.Rc2 Bxf4 43.Bxa6 Rxa5 44.Bd3 Rh5
45.Bf1 Rg5 46.Ke2 Rg1 47.h4 Bg3 48.Rxh6+ Kg7 49.Rh5 Rgxf1 50.Rg5+ Kh6 51.Rd2 R1f2+
52.Ke1 Re8+  0-1

[Event "Karpos Open 2013"]
[Site "Skopje MKD"]
[Date "2013.03.10"]
[Round "3.20"]
[White "Stefanova,A"]
[Black "Cabarkapa,N"]
[Result "1/2-1/2"]
[WhiteElo "2530"]
[BlackElo "2321"]

1.d4 Nf6 2.Bg5 g6 3.Bxf6 exf6 4.c4 f5 5.e3 d6 6.Nc3 Nd7 7.g3 Nf6 8.Bg2 h5
9.h4 Bh6 10.Nh3 O-O 11.Qd3 Re8 12.O-O c6 13.b4 Ne4 14.Kh2 Qe7 15.b5 Be6 16.bxc6 bxc6
17.Nxe4 fxe4 18.Qxe4 Bxc4 19.Qxe7 Rxe7 20.Rfc1 d5 21.Rc2 Rb8 22.Bf1 Bxf1
23.Rxf1 Rb6 24.Rfc1 Re6 25.Kg2 Kf8 26.Ng1 Ke8 27.Nf3 f6 28.Ne1 Bf8 29.Nd3 Ba3
30.Ra1 Bd6 31.Kf3 Kd7 32.Rc3 Re8 33.Rg1 Ra6 34.Rc2 Ra3 35.Ke2 Ra6 36.g4 hxg4
37.Rxg4 Rg8 38.f4 Ke6 39.Kf3 Kf5 40.Nc1 Rh8 41.Ne2 Rh6 42.Ng3+ Ke6 43.Rxg6 Rxg6
44.f5+ Kf7 45.fxg6+ Kxg6 46.h5+ Kh7 47.Nf5 Bf8 48.a4 Bb4 49.Rg2 c5 50.Rg7+ Kh8
51.h6 cxd4 52.exd4 Bd2 53.Rd7 Rxa4 54.Rxd5 Ra5 55.Rd8+ Kh7 56.Kg4 Ra1 57.Rd7+ Kh8
58.Kh5 Rg1 59.Rd8+ Kh7 60.Rd7+ Kh8 61.Ne7 Rg5+ 62.Kh4 Be1+ 63.Kh3 a5 64.d5 Kh7
65.Nf5+ Kg6 66.h7 Rh5+ 67.Kg4 Rg5+ 68.Kh3 Rh5+ 69.Kg4 Rg5+  1/2-1/2

[Event "TCh-LTU 2013"]
[Site "Vilnius LTU"]
[Date "2013.03.10"]
[Round "6.2"]
[White "Beinoras,M"]
[Black "Slusnys,E"]
[Result "1-0"]
[WhiteElo "2350"]
[BlackElo "1896"]

1.d4 Nf6 2.Bg5 d5 3.Bxf6 gxf6 4.c4 dxc4 5.e3 Bf5 6.Nc3 e6 7.Bxc4 Nd7 8.e4 Bg6
9.Nge2 Bg7 10.h4 Bh5 11.f3 f5 12.Ng3 Bg6 13.h5 Qg5 14.Nce2 f4 15.Qd2 h6 16.hxg6 fxg3
17.gxf7+ Kxf7 18.f4 Qg4 19.f5 Nf8 20.fxe6+ Nxe6 21.Qf4+ Qxf4 22.Nxf4 Rhe8
23.Rf1 Bxd4 24.Nxe6+ Bf2+ 25.Ke2 Rxe6 26.Rh1 Ke7 27.Bxe6 Kxe6 28.Rad1 Ke5
29.Rd5+ Kxe4 30.Rdh5 Be3 31.R1h4+ Bf4 32.Rxh6 Re8 33.Rf6 Kd5+ 34.Kf3 Bd6
35.Rf5+ Re5 36.Rxe5+ Bxe5 37.Rh5 c5 38.b3 b5 39.Rh7 a5 40.Ra7 a4 41.bxa4 b4
42.a5 Kc6 43.a6 Bc7 44.Rb7 Bb6 45.Rf7  1-0

[Event "TCh-LTU 2013"]
[Site "Vilnius LTU"]
[Date "2013.03.10"]
[Round "6.2"]
[White "Tamosaitis,R"]
[Black "Mikenas,Laimutis"]
[Result "1/2-1/2"]
[WhiteElo "2157"]
[BlackElo "1970"]

1.d4 Nf6 2.Bg5 d5 3.Nd2 c6 4.Ngf3 Bf5 5.e3 Nbd7 6.c4 e6 7.Nh4 Bg6 8.Nxg6 hxg6
9.c5 Qc7 10.f4 Nh7 11.Bh4 Nhf6 12.Bg3 Nh5 13.Bf2 f5 14.b4 Be7 15.Be2 Nhf6
16.a4 Kf7 17.Bf3 b6 18.O-O bxc5 19.bxc5 g5 20.Bg3 g4 21.Be2 Rab8 22.Qc2 Rb4
23.Rfb1 Rhb8 24.Rxb4 Rxb4 25.Rb1 Rxb1+ 26.Qxb1 Qb8 27.Qxb8 Nxb8 28.Be1 Bd8
29.Nb3 Ne4 30.Nc1 Nf6 31.Nd3 Nfd7 32.h3 gxh3 33.gxh3 Kg6 34.Kg2 Kh6 35.Bc3 Kg6
36.Nb4 Bf6 37.Na6 Nxa6 38.Bxa6 Nxc5 39.dxc5 Bxc3 40.Bb7 Bb4 41.Bxc6 Kf6 42.h4 Bxc5
43.Kf3 d4 44.exd4 Bxd4 45.h5 e5 46.fxe5+ Bxe5 47.Be8  1/2-1/2

[Event "83rd ch-URU 2013"]
[Site "Montevideo URU"]
[Date "2013.03.11"]
[Round "1.6"]
[White "Coppola,C"]
[Black "Cao,Jo"]
[Result "0-1"]
[WhiteElo "2177"]
[BlackElo "2094"]

1.d4 Nf6 2.Bg5 c5 3.Bxf6 gxf6 4.d5 Bg7 5.g3 O-O 6.Bg2 d6 7.Nh3 e5 8.dxe6 fxe6
9.Nf4 Nc6 10.O-O Qe7 11.Nc3 d5 12.e3 Bd7 13.Nce2 Rad8 14.c3 Ne5 15.Qc2 Be8
16.Rfd1 Ng6 17.c4 Nxf4 18.Nxf4 d4 19.Qe2 Bf7 20.exd4 Rxd4 21.Bd5 e5 22.Rxd4 cxd4
23.Be4 Qc5 24.Nd5 b5 25.b4 Qd6 26.c5 Qd8 27.Qf3 Bxd5 28.Bxd5+ Kh8 29.Be4 Rf7
30.a4 bxa4 31.Rxa4 Qb8 32.Qb3 Rc7  0-1

[Event "UTD Turner GM Invitational 2013"]
[Site "Richardson USA"]
[Date "2013.03.11"]
[Round "6"]
[White "Feinstein,M"]
[Black "De la Parra Hurtado,D"]
[Result "1-0"]
[WhiteElo "2229"]
[BlackElo "1980"]

1.d4 Nf6 2.Bg5 d5 3.Bxf6 gxf6 4.e3 Bf5 5.Nd2 Bg7 6.Ne2 e5 7.Ng3 Be6 8.c3 c6
9.Be2 e4 10.Qb3 Qc7 11.c4 f5 12.Rc1 Qd7 13.Nh5 Rg8 14.g3 dxc4 15.Bxc4 Bxc4
16.Nxc4 Na6 17.Qxb7 Qxb7 18.Nd6+ Ke7 19.Nxb7 Nb4 20.O-O Rac8 21.Rc5 Nd3 22.Rxf5 Nxb2
23.Nc5 Bh8 24.Rb1 Rb8 25.Nxe4 Nc4 26.Rxb8 Rxb8 27.Rc5 Nd6 28.Nxd6 Kxd6 29.Ra5 Rb7
30.Nf4 Bg7 31.Kg2 Bf8 32.h4 Rc7 33.Ra6 Kd7 34.Nd3 Bd6 35.Kf3 Ke6 36.e4 f6
37.Ke3 Kf7 38.f4 Kg7 39.g4 Kf7 40.Ra5 Kg7 41.g5 fxg5 42.hxg5 h6 43.gxh6+ Kxh6
44.e5 Be7 45.Ke4 Kg6 46.Ra6 Kf7 47.f5 Bd8 48.Nc5 Be7 49.Ne6  1-0

[Event "13th European Seniors"]
[Site "Plovdiv BUL"]
[Date "2013.03.12"]
[Round "2"]
[White "Romcovici,V"]
[Black "Bojarinov,V"]
[Result "0-1"]
[WhiteElo "2144"]
[BlackElo "2343"]

1.d4 Nf6 2.Bg5 c5 3.d5 Ne4 4.Bc1 e6 5.g3 exd5 6.Qxd5 Nf6 7.Qd3 h6 8.Bg2 d5
9.b3 Nc6 10.a3 Nd4 11.Nf3 Bf5 12.Qe3+ Be4 13.Ra2 Qe7 14.O-O Bxc2 15.Nxd4 Bxb1
16.Qxe7+ Bxe7 17.Rb2 Be4 18.Bxe4 Nxe4 19.Nf5 g6 20.Nxe7 Kxe7 21.Rc2 b6 22.f3 Nd6
23.Rd1 Ke6 24.Rcd2 d4 25.e3 Nf5 26.exd4 Nxd4 27.Kf2 Rhd8 28.Bb2 Rac8 29.h4 f5
30.b4 Nc6 31.Re2+ Kf7 32.Rde1 cxb4 33.axb4 Re8 34.b5 Rxe2+ 35.Rxe2 Nb4 36.Ba3 Nd3+
37.Ke3 Rc3 38.Kd2 Rxa3 39.Re3 Nb2  0-1

[Event "13th European Seniors"]
[Site "Plovdiv BUL"]
[Date "2013.03.13"]
[Round "3"]
[White "Henrichsen,Erland"]
[Black "Birkestrand,O"]
[Result "1-0"]
[WhiteElo "1937"]
[BlackElo "1797"]

1.d4 Nf6 2.Bg5 g6 3.Bxf6 exf6 4.e3 f5 5.Nc3 Bg7 6.Bc4 O-O 7.Nge2 Nc6 8.Qd2 Ne7
9.h4 d5 10.Bd3 h5 11.Nf4 Bh6 12.Nce2 b6 13.O-O-O c5 14.dxc5 bxc5 15.Bc4 Qb6
16.Nxd5 Nxd5 17.Bxd5 Rb8 18.b3 Ba6 19.c4 Rfd8 20.Qc2 Bg7 21.Rd3 Rd6 22.Rhd1 Rbd8
23.R1d2 Bb7 24.Nf4 Kf8 25.Kd1 Be5 26.Ke2 Bxf4 27.exf4 Bxd5 28.Rxd5 Rxd5 29.cxd5 Qa6+
30.Qc4 Re8+ 31.Kd3 Qd6 32.Re2 Rd8 33.Re5 f6 34.Re2 Qxd5+ 35.Qxd5 Rxd5+ 36.Kc3 Kf7
37.g3 Rd7 38.Kc4 Rc7 39.Kd5 Rc8 40.a4 Rb8 41.Re3 Rc8 42.Rc3 Rb8 43.Kxc5 Ke7
44.Rd3 Rc8+ 45.Kb5 Rc2 46.b4 Rb2 47.Ka5 Rxf2 48.b5 g5 49.Ka6 g4 50.Kxa7 Rf3
51.Rd4 Rxg3 52.b6 Rb3 53.b7 g3 54.b8=Q Rxb8 55.Kxb8 g2 56.Rd1 g1=Q 57.Rxg1  1-0

[Event "TCh-SWE Elite 2012-13"]
[Site "Sweden SWE"]
[Date "2013.03.15"]
[Round "7"]
[White "Shimanov,A"]
[Black "Gdanski,J"]
[Result "1-0"]
[WhiteElo "2599"]
[BlackElo "2536"]

1.d4 Nf6 2.Bg5 d5 3.Nd2 Nbd7 4.Ngf3 h6 5.Bh4 e6 6.e3 Be7 7.Bd3 b6 8.Qe2 Bb7
9.Bxf6 Bxf6 10.e4 c5 11.e5 Be7 12.c3 c4 13.Bc2 b5 14.a3 a5 15.h4 b4 16.h5 Qb6
17.O-O O-O 18.Nh2 b3 19.Bb1 Rae8 20.f4 f5 21.g4 Bd8 22.Rf3 Rf7 23.Nhf1 Nf8
24.Ne3 Bc8 25.gxf5 exf5 26.Nxd5 Qc6 27.Ne3 Be6 28.Ndf1 Nd7 29.Rg3 Nb6 30.Rg6 Qd7
31.Nd2 Nd5 32.Nxd5 Qxd5 33.Rxe6 Qxe6 34.Qxc4 Qe7 35.Nf3 Qb7 36.Kf2 Kh8 37.Bd3 Bb6
38.Rg1 Rc8 39.Qb5 Qa7 40.Rg6 Bd8 41.Qe8+ Kh7 42.Qe6  1-0

[Event "13th European Seniors"]
[Site "Plovdiv BUL"]
[Date "2013.03.16"]
[Round "6"]
[White "Romcovici,V"]
[Black "Iliushkin,E"]
[Result "0-1"]
[WhiteElo "2144"]
[BlackElo "2304"]

1.d4 Nf6 2.Bg5 d5 3.Bxf6 exf6 4.e3 c6 5.Bd3 f5 6.Ne2 g6 7.c4 dxc4 8.Bxc4 Bd6
9.h4 h5 10.g3 O-O 11.Nd2 Nd7 12.Nf4 Kg7 13.O-O Nf6 14.Nf3 Qe7 15.Re1 Ne4
16.a3 Bd7 17.Rc1 Rad8 18.Kg2 Rfe8 19.Nd3 Be6 20.Nfe5 Bxc4 21.Nxc4 Bc7 22.b4 Qe6
23.Nf4 Bxf4 24.gxf4 Qe7 25.f3 Nf6 26.Kg3 Nd5 27.Qd2 Qe6 28.Ne5 Nb6 29.Re2 Re7
30.Rce1 Rde8 31.Qc3 f6 32.Nd3 Qc4 33.Qd2 Qb3 34.Kf2 Nc4 35.Qc2 Qxc2 36.Rxc2 Nxa3
37.Rc5 Rd8 38.Ra1 Nb5 39.Rc4 Rde8 40.Re1 Nc7 41.Rc2 Rd8 42.Ra1 a6 43.Rg1 Kf7
44.Re1 Nd5 45.e4 Nb6 46.Ke3 Rde8 47.Kf2 Rd8 48.Ke3 Red7 49.Nc5 Rc7 50.Rec1 Re7
51.Kd3 fxe4+ 52.fxe4 f5 53.exf5 gxf5 54.Rb2 Rg8 55.Rd2 Nd5 56.Kc4 b5+ 57.Kb3 Rg3+
58.Rd3 Ree3 59.Rxe3 Rxe3+ 60.Kb2 Nxb4 61.Rd1 a5 62.Nb7 a4 63.Rg1 a3+ 64.Kb1 Re2
65.Nc5 Rb2+  0-1

[Event "13th European Seniors"]
[Site "Plovdiv BUL"]
[Date "2013.03.17"]
[Round "7"]
[White "Ben Zeev,M"]
[Black "Zhelesny,S"]
[Result "1/2-1/2"]
[WhiteElo "1979"]
[BlackElo "2145"]

1.d4 Nf6 2.Bg5 d5 3.Bxf6 exf6 4.e3 Bd6 5.c4 dxc4 6.Bxc4 c6 7.Nc3 O-O 8.Nf3 Bg4
9.O-O Nd7 10.Rc1 Rb8 11.h3 Bh5 12.a3 Bc7 13.Bd3 Nb6 14.Re1 Re8 15.b4 a6 16.Ne4 Nd5
17.Nc5 Qd6 18.Ne4 Qd8 19.Nc5 Re7 20.Bf5 Bxf3 21.Qxf3 g6 22.Be4 f5 23.Bxd5 cxd5
24.Nd3 Re4 25.Nc5 Re7  1/2-1/2

[Event "3rd HD Bank Cup 2013"]
[Site "Ho Chi Minh City VIE"]
[Date "2013.03.22"]
[Round "6.15"]
[White "Wang Chen"]
[Black "Sukandar,I"]
[Result "1/2-1/2"]
[WhiteElo "2483"]
[BlackElo "2367"]

1.d4 Nf6 2.Bg5 d5 3.Bxf6 exf6 4.e3 Bd6 5.Bd3 f5 6.Nd2 Be6 7.c3 Nd7 8.Qb3 f4
9.Ngf3 fxe3 10.fxe3 Qe7 11.Qc2 g6 12.e4 Bf4 13.O-O c6 14.Rae1 O-O 15.exd5 cxd5
16.Ne5 Qg5 17.Ndf3 Qh6 18.Qf2 Nxe5 19.dxe5 Qh5 20.Qd4 Bh6 21.h3 Rfe8 22.Kh2 Bg7
23.Qf4 Bh6 24.Qd4 Bg7 25.g4 Qh6 26.Kg3 Re7 27.h4 Bh8 28.Re2 Qg7 29.g5 h5
30.gxh6 Qxh6 31.Ng5 Rae8 32.Bb5 Qh5 33.Re3 Rd8 34.Be2 Qh6 35.Bd3 Rde8 36.Bb5 Rd8
37.Bd3 Rde8 38.Bb5 Rd8 39.Qxa7 Bf5 40.Qb6 Qf8 41.Rfe1 Be4 42.Nxe4 Bxe5+ 43.Kg2 dxe4
44.Rxe4 Rd2+ 45.R1e2 Rxe2+ 46.Bxe2 Bxc3 47.Rxe7 Qxe7 48.Bf3 Be5 49.Qf2  1/2-1/2

[Event "TCh-BEL 2012-13"]
[Site "Buellingen BEL"]
[Date "2013.03.24"]
[Round "11.6"]
[White "Vanstreels,L"]
[Black "Goormachtigh,J"]
[Result "1/2-1/2"]
[WhiteElo "2034"]
[BlackElo "2177"]

1.d4 Nf6 2.Bg5 d5 3.Bxf6 exf6 4.e3 Bd6 5.c4 dxc4 6.Bxc4 O-O 7.Ne2 a6 8.Nbc3 f5
9.Bd5 Nd7 10.Rc1 Nf6 11.Bf3 Re8 12.g3 c6 13.O-O Be6 14.d5 Nxd5 15.Nxd5 Bxd5
16.Bxd5  1/2-1/2

[Event "36th San Sebastian Open"]
[Site "Donostia ESP"]
[Date "2013.03.24"]
[Round "2.8"]
[White "Etxagibel Larranaga,A"]
[Black "Gonzalez Perez,A"]
[Result "0-1"]
[WhiteElo "2110"]
[BlackElo "2454"]

1.d4 Nf6 2.Bg5 d5 3.Bxf6 exf6 4.e3 Bd6 5.g3 O-O 6.Bg2 c6 7.Ne2 Nd7 8.O-O f5
9.Nd2 Nf6 10.c4 dxc4 11.Nxc4 Bc7 12.Qd3 h5 13.b4 h4 14.a4 a6 15.Nc3 hxg3
16.hxg3 Ng4 17.Rfd1 Qg5 18.b5 Qh6 19.bxc6 bxc6 20.Nd2 Bxg3 21.fxg3 Qh2+ 22.Kf1 Qxg3
23.Qe2 Nxe3+ 24.Kg1 Nxg2  0-1

[Event "Nis Open 2013"]
[Site "Nis SRB"]
[Date "2013.03.24"]
[Round "5.7"]
[White "Livaja,M"]
[Black "Vasic,Z"]
[Result "1-0"]
[WhiteElo "2227"]
[BlackElo "2090"]

1.d4 Nf6 2.Bg5 g6 3.Bxf6 exf6 4.e3 Bg7 5.g3 O-O 6.Bg2 f5 7.Ne2 c6 8.c4 d6
9.Nbc3 Nd7 10.O-O Nf6 11.Rc1 Re8 12.Qc2 Qe7 13.b4 a6 14.a4 Bd7 15.b5 Ne4
16.bxc6 Bxc6 17.Rb1 Rab8 18.Nxe4 Bxe4 19.Bxe4 fxe4 20.Qb3 h5 21.Rfc1 h4 22.Nf4 Bh6
23.Nd5 Qg5 24.a5 Qf5 25.Qd1 Bg7 26.Rb6 Qd7 27.Rcb1 Kh8 28.Qb3 h3 29.Rxb7 Rxb7
30.Qxb7 Qf5 31.Qc6 Rf8 32.Nc3 Rc8 33.Qxe4 Qxa5 34.Qh4+ Qh5 35.Qxh5+ gxh5
36.Rb4 a5 37.Ra4 Rb8 38.Kf1 h4 39.Rxa5 Rb3 40.Rh5+ Kg8 41.Ne4 Rb1+ 42.Ke2 Rh1
43.Rxh4 Rxh2 44.Ng5 Rh1 45.Rxh3 Rc1 46.Ne4 Rxc4 47.Nxd6 Rc2+ 48.Kf3 Bf8 49.Nf5 Bb4
50.Rh1 Bc3 51.Rd1 Kf8 52.g4 f6 53.Ng3 Ke7 54.Ne4 Bb4 55.Rb1 Ba5 56.Ra1 Bd8
57.Ra6 Kf7 58.d5 Rb2 59.Ra7+ Ke8 60.Nd6+ Kf8  1-0

[Event "36th San Sebastian Open"]
[Site "Donostia ESP"]
[Date "2013.03.26"]
[Round "5.31"]
[White "Galarraga Lasa,J"]
[Black "Arri Martinez,Iker"]
[Result "1/2-1/2"]
[WhiteElo "1904"]
[BlackElo "1616"]

1.d4 Nf6 2.Bg5 g6 3.Nd2 Bg7 4.e4 d6 5.Ngf3 O-O 6.Be2 b6 7.O-O Bb7 8.d5 e5
9.c4 Nbd7 10.b4 c5 11.a3 a5 12.Qb3 Qc7 13.Rab1 Ra7 14.Ne1 axb4 15.axb4 Rfa8
16.Nc2 cxb4 17.Qxb4 Ra4 18.Qb3 Nc5 19.Qxb6 Qxb6 20.Rxb6 Nfxe4 21.Nxe4 Nxe4
22.Be7 Ba6 23.Rfb1 h5 24.Bd3 Nd2 25.R1b4 Bxc4 26.Bxc4 Nxc4 27.Rxa4 Rxa4 28.Rc6 e4
29.g3 Be5 30.Kg2 Ra7 31.Rxc4 Rxe7 32.Rxe4 f5 33.Rc4 Kf7 34.f4 Bf6 35.Kf3 Rb7
36.Rc6 Ke7 37.Ne3 Rb3 38.Rc7+ Kd8 39.Rc4 Bc3 40.Kg2 Bb4 41.Nc2 Bc5 42.Ne1 Rb2+
43.Kh3 Ke7  1/2-1/2

[Event "36th San Sebastian Open"]
[Site "Donostia ESP"]
[Date "2013.03.26"]
[Round "5.32"]
[White "Alvarado Fernandez,M"]
[Black "Buiza Prieto,Eihartze"]
[Result "0-1"]
[WhiteElo "2037"]
[BlackElo "1690"]

1.d4 Nf6 2.Bg5 c5 3.Bxf6 gxf6 4.d5 Qb6 5.Qc1 f5 6.e3 Bg7 7.c3 O-O 8.Nd2 Na6
9.Bc4 Qg6 10.Ne2 Nc7 11.Nf4 Qh6 12.Nf3 e5 13.dxe6 fxe6 14.Qd2 b5 15.Be2 d5
16.O-O Bb7 17.Nd3 Na6 18.a4 bxa4 19.Rxa4 c4 20.Nde5 Nc5 21.Ra2 Nb3 22.Qc2 Bh8
23.Re1 Qg7 24.g3 Qc7 25.Ng5 Qxe5 26.Bh5 Bf6 27.f4 Qd6 28.Nf3 a6 29.Kf2 Bc6
30.Nd4 Nc5 31.Rea1 Bxd4 32.exd4 Ne4+ 33.Ke3 Bb5 34.Qg2 Ra7 35.Be2 Qc6 36.Ra5 Rb7
37.Qh3 Qe8 38.Bh5 Qe7 39.Be2 Rf6 40.R5a2 Qg7 41.Rg1 Qh6 42.Qg2 Rg7 43.Bd1 Qg6
44.Qh3 Qe8 45.Bf3 Nd6 46.Qf1 Rf8 47.Qe2 Qd7 48.Kd2 Ne4+ 49.Ke3 Qc7 50.Qg2 Nf6
51.Kd2 Rb8 52.Re1 Ne4+ 53.Ke3 Qc6 54.Bd1 Kh8 55.Qh3 Nf6 56.Kd2 Nd7 57.Qh6 Rg6
58.Qh4 Qd6 59.Bh5 Rg7 60.Bd1 Qe7 61.Qh6 Nf6 62.Qh3 Ne4+ 63.Ke3 Qb7 64.Qh6 Rg6
65.Qh3 Be8 66.Qg2 Bd7 67.Bc2 Rbg8 68.Rea1 Bb5 69.Re1 Nxg3 70.Qh3 Ne4 71.Qh5 Qf7
72.Bd1 Nf6 73.Qh4 Ng4+ 74.Kd2 Rh6 75.Qg3 Nxh2 76.Qe3 Qf6 77.Kc1 Ng4 78.Qf3 Rh2
79.Ba4 Bxa4 80.Rxa4 Nf2 81.Re2 Nd3+ 82.Kd2 Rxe2+ 83.Kxe2 Qh4 84.Ra1 Nxf4+  0-1

[Event "40th La Roda Open"]
[Site "La Roda ESP"]
[Date "2013.03.29"]
[Round "5.10"]
[White "Moskalenko,V1"]
[Black "Sanchez Jerez,E"]
[Result "1-0"]
[WhiteElo "2531"]
[BlackElo "2213"]

1.d4 Nf6 2.Bg5 d5 3.e3 g6 4.Bxf6 exf6 5.c4 c6 6.cxd5 Qxd5 7.Nc3 Qa5 8.Ne2 f5
9.g3 Nd7 10.Bg2 Nf6 11.O-O Bd6 12.a3 Be6 13.b4 Qa6 14.Qb1 Bc4 15.Qb2 O-O
16.Rfc1 Rac8 17.a4 Qb6 18.Rcb1 Bd3 19.a5 Qc7 20.Rd1 Bc4 21.b5 Qe7 22.a6 bxa6
23.bxc6 Ne4 24.d5 Rb8 25.Qc1 Nc5 26.Nd4 Nd3 27.Rxd3 Bxd3 28.Bf1 Bxf1 29.Qxf1 Bb4
30.Qc4 a5 31.Rc1 a6 32.Nde2 Rfc8 33.Rd1 Qc5 34.Qd3 Rd8 35.e4 Rbc8 36.Qf3 a4  1-0

[Event "Pobeskydi Open 2013"]
[Site "Frydek-Mistek CZE"]
[Date "2013.03.31"]
[Round "7"]
[White "Novotny,M1"]
[Black "Rastropin,Yuriy"]
[Result "1-0"]
[WhiteElo "2279"]
[BlackElo "1878"]

1.d4 d5 2.Bg5 Nf6 3.Bxf6 exf6 4.e3 c6 5.Bd3 Bd6 6.Nd2 O-O 7.c3 Re8 8.Qc2 g6
9.O-O-O Nd7 10.h4 Nf8 11.h5 b6 12.hxg6 fxg6 13.e4 a5 14.Ngf3 Ba6 15.Bxa6 Rxa6
16.exd5 cxd5 17.Qb3 Bf4 18.Rde1 Ne6 19.g3 Bxd2+ 20.Nxd2 Qd7 21.f4 b5 22.Re3 a4
23.Qb4 Rb6 24.Rhe1 Qd6 25.Qa5 Kf7 26.g4 Rb7 27.f5 gxf5 28.gxf5 Ng7 29.Rxe8 Nxe8
30.Re6 Qc7 31.Qa6 h5 32.Re1 Rb6 33.Qa8 Qd7 34.Rxe8  1-0

[Event "17th Neckar Open"]
[Site "Deizisau GER"]
[Date "2013.04.01"]
[Round "9.15"]
[White "Schneider,Il"]
[Black "Moor,O"]
[Result "1-0"]
[WhiteElo "2492"]
[BlackElo "2381"]

1.d4 Nf6 2.Bg5 d5 3.Bxf6 exf6 4.e3 c6 5.g3 Bd6 6.Bg2 f5 7.Ne2 Nd7 8.Nd2 Nf6
9.O-O O-O 10.c4 dxc4 11.Nxc4 Bc7 12.Qc2 Re8 13.Rfd1 Qe7 14.Nc3 Be6 15.d5 cxd5
16.Nxd5 Nxd5 17.Bxd5 Bxd5 18.Rxd5 g6 19.Qb3 b6 20.Qa4 Red8 21.Rxd8+ Qxd8
22.Rd1 Qe8 23.Qxe8+ Rxe8 24.Rc1 Re6 25.Na3 Be5 26.b3 a6 27.Rc8+ Kg7 28.Nc4 b5
29.Nxe5 Rxe5 30.Kf1 Re6 31.Ke2 Rd6 32.Rb8 Kf6 33.a4 bxa4 34.bxa4 Ke7 35.Rb4 Ke6
36.h4 Ke5 37.Kf3 h5 38.Rb7 Kf6 39.Kf4 Rc6 40.a5 Rc4+ 41.Kf3 Re4 42.Rb6+ Re6
43.Kf4 Ke7 44.Rxe6+ Kxe6 45.Kg5 Ke5 46.Kh6 Kf6 47.Kh7 Ke6 48.Kg8 Ke7 49.Kg7 Ke6
50.Kf8 Kf6 51.f4 Ke6 52.Ke8  1-0

[Event "Pobeskydi Open 2013"]
[Site "Frydek-Mistek CZE"]
[Date "2013.04.01"]
[Round "9"]
[White "Cempel,J"]
[Black "Farkas,Ga1"]
[Result "0-1"]
[WhiteElo "2228"]
[BlackElo "2306"]

1.d4 d5 2.Bg5 Nf6 3.Bxf6 exf6 4.e3 Bd6 5.c4 dxc4 6.Bxc4 O-O 7.Nf3 Bg4 8.Nbd2 Nd7
9.O-O f5 10.h3 Bh5 11.Be2 Re8 12.Nc4 Qf6 13.Nxd6 Qxd6 14.g3 c6 15.Nd2 Bxe2
16.Qxe2 Qxd4 17.Nf3 Qf6 18.b4 f4 19.b5 fxe3 20.fxe3 Qe6 21.bxc6 bxc6 22.Ng5 Qxe3+
23.Qxe3 Rxe3 24.Nxf7 Rxg3+ 25.Kh2 Ra3 26.Rfd1 Nf6 27.Ne5 Re8 28.Re1 c5 29.Re2 Nd7  0-1

[Event "1st Hofheim Open"]
[Site "Hofheim GER"]
[Date "2013.04.03"]
[Round "2.21"]
[White "Zweschper,E"]
[Black "De Strycker,Nathan"]
[Result "1/2-1/2"]
[WhiteElo "2162"]
[BlackElo "2033"]

1.d4 Nf6 2.Bg5 g6 3.c4 Bg7 4.Nc3 d6 5.e4 c6 6.h3 Nbd7 7.Nf3 Qa5 8.Qd2 h6
9.Be3 a6 10.Bd3 Qc7 11.O-O c5 12.Rac1 cxd4 13.Nxd4 Nc5 14.Bb1 e5 15.Nde2 Qc6
16.f3 a5 17.Nb5 Ra6 18.Rfd1 Bf8 19.Ng3 Be6 20.b3 Nfd7 21.Qc3 Be7 22.Rd2 Nb6
23.Rcd1 Nc8 24.Bc2 h5 25.Ne2 f6 26.Qb2 g5 27.Nec3 Kf7 28.Nd5 Bf8 29.Qc3 Bxd5
30.Rxd5 Ne6 31.g3 h4 32.g4 Be7 33.Kh2 Rd8 34.Qd2 Ke8 35.Qf2 Kf7 36.Bb1 Nb6
37.R5d2 Nd7 38.Nc3 Ndc5 39.Nd5 Bf8 40.Bc2 Rc8 41.Nc3 Raa8 42.Nb5 Rd8 43.Bd3 Nc7
44.Be2 Be7 45.Nc3 N7e6 46.Nd5 Rd7 47.Rb1 Nc7 48.Nc3 b6 49.a3 Rb8 50.b4 axb4
51.axb4 N5e6 52.b5 Qb7 53.Ra2 Nc5 54.Rd1 Rdd8 55.Nd5 N7e6 56.Nb4 Ra8 57.Rad2  1/2-1/2

[Event "TCh-NOR Eliteserien 2012-13"]
[Site "Haraldsheim NOR"]
[Date "2013.04.05"]
[Round "7"]
[White "Sahl,Bj"]
[Black "Kolas,T"]
[Result "1/2-1/2"]
[WhiteElo "2355"]
[BlackElo "2227"]

1.d4 Nf6 2.Bg5 d5 3.Nc3 c5 4.e3 e6 5.Nf3 Be7 6.Ne5 O-O 7.Bd3 Nc6 8.O-O h6
9.Bf4 cxd4 10.Nxc6 bxc6 11.exd4 a5 12.Na4 Ba6 13.Bxa6 Rxa6 14.Qe2 Ra8 15.Rfd1 Bd6
16.Be3 Qb8 17.g3 Qb5 18.Qxb5 cxb5 19.Nc3 b4 20.Nb5 Rfd8 21.a4 bxa3 22.Nxa3 Rab8
23.Bc1 Rdc8 24.c3 a4 25.Ra2 Rb3 26.Nc2 a3 27.Nxa3 Bxa3 28.bxa3 Ne4 29.Bd2 Nxd2
30.Rdxd2 Rbxc3 31.a4 Ra8 32.a5 Rc4 33.Kf1 Kf8 34.Ke2 Ke7 35.Kd3 Rb4 36.Ra3 Kd6
37.Rc2 Rb5 38.a6 Ra7 39.h4 Rb6 40.Rca2 h5 41.Ke3 Rc6 42.f3 g6 43.g4 hxg4
44.fxg4 Ke7 45.Kf4 Kf6 46.g5+ Ke7 47.Ke5 Rc1 48.Kf4 Rc6 49.Ra4 Kd6 50.R2a3 Rb6
51.Kg4 Rc6 52.h5 gxh5+ 53.Kxh5 Rc4 54.Rxc4 dxc4 55.Ra5 c3 56.Rc5 Rxa6 57.Rxc3 Ra4
58.Rf3 Ke7 59.Kh6 Ra5 60.Rb3 Rd5 61.Rb7+ Kf8 62.Rb4 Ke7 63.Ra4 Ke8 64.Rb4  1/2-1/2

[Event "Bundesliga 2012-13"]
[Site "Schwetzingen GER"]
[Date "2013.04.05"]
[Round "13"]
[White "Schneider,Il"]
[Black "Jansa,Vl"]
[Result "1-0"]
[WhiteElo "2489"]
[BlackElo "2451"]

1.d4 Nf6 2.Bg5 c5 3.Bxf6 gxf6 4.d5 Qb6 5.Qc1 f5 6.c3 d6 7.g3 Nd7 8.Bg2 Nf6
9.Nh3 h5 10.Nd2 h4 11.Qc2 Bh6 12.Nf4 Bd7 13.Nc4 Qa6 14.Ne3 Bxf4 15.gxf4 Nh5
16.Nxf5 Nxf4 17.Bf3 Ng6 18.Ng7+ Kd8 19.Bh5 Rh7 20.Ne6+ Bxe6 21.Bxg6 Rg7 22.Bd3 c4
23.dxe6 cxd3 24.exf7 Kd7 25.Qxd3 Qxd3 26.exd3 Rxf7 27.Rd1 Raf8 28.Rd2 Rg8
29.h3 Rf3 30.Ke2 Rgf8 31.Rh2 e5 32.Rd1 R3f4 33.Rg1 e4 34.d4 d5 35.Rg7+ R8f7
36.Rg4 b5 37.Rhg2 a5 38.Rg5 Kc6 39.Rg6+ R7f6 40.Rxf6+ Rxf6 41.Rg4 b4 42.Rxh4 bxc3
43.bxc3 Rf3 44.Rh8 Kd7 45.h4 Rxc3 46.h5 Ke7 47.h6 Kf7 48.Ra8 Kg6 49.Ra6+ Kh7
50.Rxa5 Kxh6 51.Rxd5 Ra3 52.Re5 Kg6 53.Rxe4 Kf5 54.Re3 Rxa2+ 55.Kf3 Rd2 56.Re5+ Kf6
57.Ke3 Rd1 58.Ke4 Ra1 59.f4 Re1+ 60.Kd5 Ra1 61.Kc5 Ra5+ 62.Kb6 Ra4 63.d5 Rxf4
64.Re1  1-0

[Event "e2e4 Gatwick Open 2013"]
[Site "Crawley ENG"]
[Date "2013.04.06"]
[Round "2"]
[White "Batchelor,Peter J"]
[Black "Sowray,P"]
[Result "0-1"]
[WhiteElo "2132"]
[BlackElo "2368"]

1.d4 Nf6 2.Bg5 d5 3.Bxf6 exf6 4.c4 dxc4 5.e3 Be6 6.Nf3 Bb4+ 7.Nc3 O-O 8.Be2 c6
9.Nd2 b5 10.Bf3 Bd5 11.a4 Bxc3 12.bxc3 a6 13.Qb1 Nd7 14.e4 Be6 15.d5 cxd5
16.exd5 Bxd5 17.Bxd5 Re8+ 18.Ne4 Nc5 19.Bxa8 Nd3+ 20.Kf1 Qxa8 21.Ng3 bxa4
22.h4 Rb8 23.Qd1 Rb2 24.Ne2 Qa7 25.Nd4 Rxf2+ 26.Kg1 Qb7 27.Rh2 Qe4 28.Rb1 h6
29.Qh5 Qe3 30.Rh3 Rf1+ 31.Kh2 Qg1+ 32.Kg3 Rxb1 33.Qf3 Qe1+ 34.Kh2 Nf2 35.Qa8+ Kh7
36.Rf3 Ne4 37.Kh3 h5  0-1